Villes de Pologne - Mort subite - Statistiques

Statistiques générales
  • Ce quiz a été pris 158 fois
  • Le résultat moyen est 12 sur 16
Answers on the Grid
Answers color-coded by a green-red scale on the quiz's grid according to % correct below.
Białystok
Bratislava
Brest
Brno
Bydgoszcz
Cracovie
Dresde
Gdańsk
Gdynia
Hrodna
Katowice
Kaunas
Kielce
Kiev
Łódź
Lublin
Lviv
Minsk
Olsztyn
Ostrava
Poznań
Prague
Rzeszów
Szczecin
Toruń
Varsovie
Vilnius
Wrocław
 
Statistiques - réponses
Réponse % Correct
Varsovie
94%
Cracovie
88%
Wrocław
85%
Katowice
84%
Łódź
84%
Gdańsk
83%
Poznań
83%
Białystok
79%
Bydgoszcz
75%
Szczecin
74%
Rzeszów
72%
Gdynia
68%
Olsztyn
66%
Lublin
60%
Kielce
58%
Toruń
54%
Aucun quiz correspondant
Distribution des résultats
% des personnes avec chaque résultat
Percentile par nombre de réponses
Votre historique - résultats
Vous n’avez pas pris ce quiz